<?xml version="1.0" encoding="UTF-8"?>
<record
    xmlns:xsi="http://www.w3.org/2001/XMLSchema-instance"
    xsi:schemaLocation="http://www.loc.gov/MARC21/slim http://www.loc.gov/standards/marcxml/schema/MARC21slim.xsd"
    xmlns="http://www.loc.gov/MARC21/slim">

  <leader>00551cam1a220019300 4500</leader>
  <controlfield tag="001">tmp15346818</controlfield>
  <controlfield tag="003">UPRA</controlfield>
  <controlfield tag="005">20190816093026.0</controlfield>
  <controlfield tag="008">950801q19501959fr                  fre u</controlfield>
  <datafield tag="035" ind1=" " ind2=" ">
    <subfield code="a">(Sirsi) r124450</subfield>
  </datafield>
  <datafield tag="035" ind1=" " ind2=" ">
    <subfield code="a">(UPRA)tmp15346818</subfield>
  </datafield>
  <datafield tag="040" ind1=" " ind2=" ">
    <subfield code="c">UPRA</subfield>
  </datafield>
  <datafield tag="100" ind1="1" ind2=" ">
    <subfield code="c">pseud.</subfield>
    <subfield code="6">A92568.1</subfield>
  </datafield>
  <datafield tag="245" ind1="1" ind2="0">
    <subfield code="a">Ville cruelle /</subfield>
    <subfield code="c">par Eza Boto [pseud.].</subfield>
  </datafield>
  <datafield tag="260" ind1=" " ind2=" ">
    <subfield code="a">[Paris :</subfield>
    <subfield code="b">Editions africaines,</subfield>
    <subfield code="c">195-]</subfield>
  </datafield>
  <datafield tag="949" ind1=" " ind2=" ">
    <subfield code="a">PQ3989.B3</subfield>
    <subfield code="w">lcc</subfield>
    <subfield code="i">-178729</subfield>
    <subfield code="m">MAIN</subfield>
    <subfield code="t">BOOK</subfield>
    <subfield code="l">ON-SHELF</subfield>
  </datafield>
  <datafield tag="949" ind1=" " ind2=" ">
    <subfield code="a">PQ3989.B3</subfield>
    <subfield code="w">lcc</subfield>
    <subfield code="i">-178730</subfield>
    <subfield code="m">MAIN</subfield>
    <subfield code="t">BOOK</subfield>
    <subfield code="l">ON-SHELF</subfield>
  </datafield>
  <controlfield tag="004">124450</controlfield>
  <datafield tag="999" ind1=" " ind2=" ">
    <subfield code="c">82269</subfield>
    <subfield code="d">82269</subfield>
  </datafield>
</record>
